00763 2200277 4500001002100000005001500021035002000036007000300056008004100059040002200100082001700122084001900139090002100158100003400179245004100213300002500254500002700279650003100306850001200337041000800349264003400357336002100391337003000412338002300442990002000465INLIS00000000084539720191217124812 a0010-0419000256ta190404s1917 xx g 1 jav d aYOPDYOGbinderda04223a899.2223 a899.2223 HAR p aL 899.2223 HAR p1 aHarjawisastracMasepengarang01aPamoring dhusun /cMas Harjawisastra a130 halaman ;c22 cm aTeks dalam aksara Jawa 4aKasusastran Jawa--xcerita aYOPDYOG0 ajav3 aWeltreveden :bPapyrus,c1917 2rdacontentateks 2rdamediaatanpa perantara 2rdacarrieravolume a63115-PD/A.2019